| 000 | 01130nam a22002537a 4500 | ||
|---|---|---|---|
| 003 | Uzh_bibl | ||
| 008 | 260417b |||||||| |||| 00| 0 ukr d | ||
| 020 |
_a966-511-033-0 _c15,08 |
||
| 040 | _bукр. | ||
| 041 |
_2ger _aukr _ager |
||
| 080 | _a821.161.2 | ||
| 090 |
_a821.161.2 _bу-45 |
||
| 100 | _a- | ||
| 245 |
_aУкраїнські народні казки _cУклад.О.П.Моторіна _hТекст |
||
| 260 |
_aДніпропетровськ _b"Січ" _c2000 |
||
| 300 |
_a139 _fВ опр. |
||
| 520 | _aДо книги увійшли найпопулярніші українські народні казки, в яких прославляються розум, доброта, кмітливість,працелюбство, мужність,справедливість. | ||
| 521 | _aДля широкого кола читачів | ||
| 546 | _aукр. | ||
| 650 | _aЛітературно-художня література | ||
| 653 |
_aТелесик _aКотигорошко _aКирило кожум'яка |
||
| 655 |
_aХудожня література _vКазки |
||
| 942 |
_2udc _cBK |
||
| 999 |
_c17374 _d17374 |
||